| 000 | 00814nam a2200241 a 4500 | ||
|---|---|---|---|
| 001 | 000021367 | ||
| 005 | 20200930011317.0 | ||
| 008 | 100906s1965 sp r 000 f spa d | ||
| 040 |
_aDO-SdBNP _bspa _cBNPHU |
||
| 041 | 1 | 7 |
_aspa _hger _2Código de idioma MARC |
| 082 |
_a305.4 _bF523m, 1965 |
||
| 100 | 1 |
_aFirkel, Eva, _944480 |
|
| 240 | 1 | 0 |
_aSchicksalsfragen der frau. _lEspañol. |
| 245 | 1 | 3 |
_aLa mujer, vocación y destino / _cEva Firkel ; traducción de Ismael Antich. |
| 250 | _a4a ed. | ||
| 260 |
_aBarcelona : _bHerder, _c1965. |
||
| 300 |
_a334 p. ; _c21 cm. |
||
| 534 |
_pTítulo original en alemán: _tSchicksalsfragen der frau. |
||
| 650 | 4 |
_aMujeres _xCondiciones sociales _92063 |
|
| 650 | 4 |
_aMujeres _xCuestiones sociales y morales _911704 |
|
| 700 | 1 |
_aAntich, Ismael, _etr. _944608 |
|
| 049 | _aBNGR | ||
| 999 |
_c20867 _d20867 |
||